Derecho e informática en México : informática jurídica y derecho de la informática /

Spremljeno u:
Bibliografski detalji
Glavni autor: Ríos Estavillo, Juan José (autor)
Format: Knjiga
Jezik:španjolski
Izdano: México : UNAM, Instituto de Investigaciones Jurídicas, 1997, c1997
Serija:(Instituto de Investigaciones Jurídicas. Varios ; 83)
Teme:
Oznake: Dodaj oznaku
Bez oznaka, Budi prvi tko označuje ovaj zapis!

MARC

LEADER 00000nam^a2200000^a^4500
001 000110904
005 20250521000000.0
009 20260310093812.015
020 |a 968-36-5913-6 
037 |a Acervo ITESO - Biblioteca 
041 |a ESP 
082 |a 343. 720999  |b RIO 
100 |a Ríos Estavillo, Juan José  |e (autor) 
245 1 0 |a Derecho e informática en México :  |b informática jurídica y derecho de la informática /  |c J.J. Ríos Estavillo. 
264 4 |a México :  |b UNAM, Instituto de Investigaciones Jurídicas,  |c 1997, c1997 
300 |a 175 p. 
336 |a texto  |b txt  |2 rdacontenido 
337 |a sin mediación  |b n  |2 rdamedio 
338 |a volumen  |b nc  |2 rdasoporte 
440 1 |a (Instituto de Investigaciones Jurídicas.  |p Varios ;  |v 83) 
649 |a XX 
650 |a Derecho Informático -  |z México 
650 |a Derecho de Autor -  |z México 
650 |a Derecho Civil -  |z México 
650 |a Cibernética -  |z México -  |x Aspectos Jurídicos 
650 |a Tecnologías de Comunicación e Información -  |z México -  |x Aspectos Jurídicos 
910 |a Fondo General 
920 |a Impresos - Libros 
930 |a Colección General 
905 |a 101 
901 |a 0500048337  |b IT1  |c ACC  |u 20250521 
902 |a https://opac.biblio.iteso.mx/vufind/Record/000110904